MCSE windows 2000 directory services administration. / (Record no. 2124)
[ view plain ]
| 000 -LEADER | |
|---|---|
| fixed length control field | 01632cam a22003135a 4500 |
| 001 - CONTROL NUMBER | |
| control field | 12032843 |
| 005 - DATE AND TIME OF LATEST TRANSACTION | |
| control field | 20210414114126.0 |
| 008 - FIXED-LENGTH DATA ELEMENTS--GENERAL INFORMATION | |
| fixed length control field | 000607s2000 cau 000 0 eng |
| 010 ## - LIBRARY OF CONGRESS CONTROL NUMBER | |
| LC control number | 00105385 |
| 020 ## - INTERNATIONAL STANDARD BOOK NUMBER | |
| International Standard Book Number | 0782127568 |
| 040 ## - CATALOGING SOURCE | |
| Original cataloging agency | DLC |
| Transcribing agency | DLC |
| Modifying agency | DLC |
| 042 ## - AUTHENTICATION CODE | |
| Authentication code | pcc |
| 050 ## - LIBRARY OF CONGRESS CALL NUMBER | |
| Classification number | QA76.3.D6841 |
| 100 1# - MAIN ENTRY--PERSONAL NAME | |
| Personal name | Desai, Anil. |
| 245 10 - TITLE STATEMENT | |
| Title | MCSE windows 2000 directory services administration. / |
| Statement of responsibility, etc. | Anil Desai, James Chellis. |
| 250 ## - EDITION STATEMENT | |
| Edition statement | 1st. |
| 260 ## - PUBLICATION, DISTRIBUTION, ETC. | |
| Place of publication, distribution, etc. | Alameda, CA : |
| Name of publisher, distributor, etc. | Sybex Inc, |
| Date of publication, distribution, etc. | 2000. |
| 263 ## - PROJECTED PUBLICATION DATE | |
| Projected publication date | 0007 |
| 300 ## - PHYSICAL DESCRIPTION | |
| Extent | lvii, 707 p. : |
| Dimensions | 24cm. |
| Other physical details | ills. |
| 500 ## - GENERAL NOTE | |
| General note | Includes index. |
| 505 ## - FORMATTED CONTENTS NOTE | |
| Formatted contents note | Contents: Overview of the active directory -- Integrating DNS with the active directory -- Installing and configuring the active directory -- Creating and managing organizational units -- Installing and managing trees and forests -- Configuring sites and managing replication -- Administering the active directory -- Active directory security -- Active directory optimization and reliability -- Managing group policy -- Software deployment through group policy -- Installing and configuring RIS -- Appendix A: Practice exam -- Appendix B: Planning the active directory. |
| 700 1# - ADDED ENTRY--PERSONAL NAME | |
| Personal name | Chellis, James. |
| 856 42 - ELECTRONIC LOCATION AND ACCESS | |
| Materials specified | Contributor biographical information |
| Uniform Resource Identifier | <a href="http://www.loc.gov/catdir/enhancements/fy0610/00105385-b.html">http://www.loc.gov/catdir/enhancements/fy0610/00105385-b.html</a> |
| 856 42 - ELECTRONIC LOCATION AND ACCESS | |
| Materials specified | Publisher description |
| Uniform Resource Identifier | <a href="http://www.loc.gov/catdir/enhancements/fy0610/00105385-d.html">http://www.loc.gov/catdir/enhancements/fy0610/00105385-d.html</a> |
| 856 41 - ELECTRONIC LOCATION AND ACCESS | |
| Materials specified | Table of contents only |
| Uniform Resource Identifier | <a href="http://www.loc.gov/catdir/enhancements/fy0610/00105385-t.html">http://www.loc.gov/catdir/enhancements/fy0610/00105385-t.html</a> |
| 906 ## - LOCAL DATA ELEMENT F, LDF (RLIN) | |
| b | ibc |
| c | orignew |
| d | 2 |
| e | epcn |
| f | 20 |
| g | y-gencatlg |
| 942 ## - ADDED ENTRY ELEMENTS (KOHA) | |
| Source of classification or shelving scheme | Library of Congress Classification |
| Koha item type | Books |
| Withdrawn status | Lost status | Source of classification or shelving scheme | Damaged status | Not for loan | Home library | Current library | Shelving location | Date acquired | Total Checkouts | Full call number | Barcode | Date last seen | Price effective from | Koha item type |
|---|---|---|---|---|---|---|---|---|---|---|---|---|---|---|
| Library of Congress Classification | WISCONSIN INTERNATIONAL UNIVERSITY COLLEGE, GHANA - MAIN LIBRARY | WISCONSIN INTERNATIONAL UNIVERSITY COLLEGE, GHANA - MAIN LIBRARY | General Stacks | 23/08/2012 | QA76.3.D6841 | 5119/12 | 23/08/2012 | 23/08/2012 | Books |
